000 00735nam a2200253Ia 4500
003 OSt
005 20220918165244.0
006 a|||||r|||| 00| 0
007 ta
008 220917b |||||||| |||| 00| 0 eng d
020 _a1856043185 (pbk)
024 _a196,214
037 _cTextual
040 _aARTS
_cARTS
_beng
041 _2eng
_aeng
082 _a2:[D65,8(B)], N9 (2D)
100 _aChowdhury G G
_923489
245 0 _aIntroduction to modern information retrieval
260 _aLondon
_bLibrary Association Publishing
_c1999
300 _axiii, 452 p.
_ccm.
650 _aCOMPUTR SCIENCE; LIBRARY SCIENCE
942 _h2:[D65,8(B)], N9 (2D)
_cTEXL
_2CC
999 _c129007
_d129007